Giai phong! : The fall and liberation of Saigon
I. The days before, II. the thre days, III. the next three months
Gorde:
| Egile nagusia: | |
|---|---|
| Formatua: | Liburua |
| Hizkuntza: | Undetermined |
| Argitaratua: |
New York
St. Martin's Press
1976
|
| Gaiak: | |
| Etiketak: |
Etiketa erantsi
Etiketarik gabe, Izan zaitez lehena erregistro honi etiketa jartzen!
|
| Thư viện lưu trữ: | Trung tâm Học liệu Trường Đại học Cần Thơ |
|---|
| LEADER | 00727nam a2200217Ia 4500 | ||
|---|---|---|---|
| 001 | CTU_225932 | ||
| 008 | 210402s9999 xx 000 0 und d | ||
| 082 | |a 959.704332 | ||
| 082 | |b T334 | ||
| 100 | |a Terzani, Tiziano | ||
| 245 | 0 | |a Giai phong! : | |
| 245 | 4 | |b The fall and liberation of Saigon | |
| 245 | 0 | |c Tiziano Terzani ; translated from the Italian by John Shepley. | |
| 260 | |a New York | ||
| 260 | |b St. Martin's Press | ||
| 260 | |c 1976 | ||
| 520 | |a I. The days before, II. the thre days, III. the next three months | ||
| 650 | |a Vietnam War, 1961-1975,Chiến tranh Việt Nam, 1961-1975 | ||
| 650 | |z Saigon,Sài Gòn | ||
| 910 | |b nthai | ||
| 980 | |a Trung tâm Học liệu Trường Đại học Cần Thơ | ||